'O'-Less Canadian Capitals Quiz Stats

 Plays Quiz Updated Feb 15, 2018

Challenge
Share
Tweet
Embed
Score 0/5 Timer 01:00
1 Play Today
Capital % Correct
Quebec
79.2%
Halifax
69.3%
Winnipeg
68.3%
Regina
66.2%
Iqaluit
33%

You're not logged in!

Compare scores with friends on all Sporcle quizzes.
OR
Log In

You Might Also Like...

Show Comments

Extras

Top Quizzes Today


Score Distribution

Your Account Isn't Verified!

In order to create a playlist on Sporcle, you need to verify the email address you used during registration. Go to your Sporcle Settings to finish the process.

Report this User

Report this user for behavior that violates our Community Guidelines.

Details: